| 000 | 00000nam##2200000za#4500 |
| 001 | 9.601267 |
| 003 | CaOODSP |
| 005 | 20220623094112 |
| 007 | cr ||||||||||| |
| 008 | 150406|2000||||xxc|||||o f|0| 0 fre|d |
| 040 | |aCaOODSP|bfre |
| 043 | |an-cn--- |
| 086 | 1 |aC21-23/22-2000F-PDF |
| 110 | 1 |aCanada. |bIndustrie Canada. |
| 245 | 13|aLa comparaison des niveaux de vie au Canada et aux États-Unis : une perspective régionale : |h[ressource électronique]|bdocument hors série n° 22, février 2000 / |cpar Raynard Létourneau et Marine Lajoie. |
| 260 | |aOttawa - Ontario : |bIndustrie Canada |cFévrier 2000. |
| 300 | |a52p.|bcartes en couleur, graphiques, tableaux |
| 490 | 1 |aDocument hors série|vN° 22 |
| 500 | |aLe n° de catalogue (C21-23/22-2000) et l’ISBN (0-662-64-666-5) de l'édition imprimée bilingue ont été incorrectement copiés dans l’édition électronique. |
| 504 | |aBibliographie. |
| 590 | |a11-09-Supp|b2011-06-30 |
| 720 | 1 |aLétourneau, Raynald |
| 720 | 1 |aLajoie, Martine |
| 775 | 08|tA regional perspective on the Canada-U.S. standard of living comparison : |w(CaOODSP)9.570619 |
| 776 | 0#|tA regional perspective on the Canada-U.S. standard of living comparison / |w(CaOODSP)9.533492 |
| 776 | 0#|tLa comparaison des niveaux de vie au Canada et aux États-Unis: une perspective régionale / |w(CaOODSP)9.533493 |
| 830 | #0|aDocument hors série (Canada. Industrie Canada)|vN° 22|w(CaOODSP)9.501162 |
| 856 | 40|ahttp://publications.gc.ca|qPDF|s193 Ko|uhttps://publications.gc.ca/collections/Collection/C21-23-22-2000F.pdf|yN° 22 |